000 01332nam a2200289 a 4500
003 OSt
005 20240226140906.0
007 cr ||||||a|c|a
008 240220s2022 mx a|||fom||| 001 0 spa d
040 _erda
100 1 _9188784
_aHernández Magos, Ilse Patricia
245 1 0 _aImportancia de la cadena de frío en productos cárnicos con énfasis en carne de cerdo /
_cpor Ilse Patricia Hernández Magos; director de tesis Emma de Jesús Maldonado Simán.
264 1 _aChapingo, México :
_bEl autor,
_c2022.
300 _a1 recurso en línea (56 páginas):
_bcuadros, figuras.
336 _2rdacontent
_atexto
_btxt
337 _2rdamedia
_acomputadora
_bc
338 _2rdacarrier
_arecurso en línea
_bcr
502 _bIAEZ
_cZootecnía
_d2022
_gLIC
504 _aIncluye referencias bibliográficas: páginas 38-45.productos
650 4 _9161327
_aCarne de cerdo
_xRefrigeración
650 4 _9132582
_aCarne de puerco en canal
_xRefrigeración
650 0 _9155444
_aProductos cárnicos
_xInocuidad alimentaria
650 4 _919189
_aCarne de puerco en canal
_xNormas de calidad
700 1 _9170264
_aMaldonado Simón, Ema de Jesús
_eDirector de tesis.
856 _uhttp://10.13.5.2/tesis/tl/1411039-7_HERNANDEZ_MAGOS_ILSE_PATRICIA.pdf
_zDESCARGAR PDF
942 _2Clasificación Universidad Autónoma Chapingo
_cTD
999 _c219722
_d219722